Dějiny zlata

Salvato in:
Dettagli Bibliografici
Autore principale: Bernstein, Peter L.
Altri autori: Slavíková, Renáta
Natura: Libro
Lingua:ceco
Pubblicazione: Praha Grada Publishing 2004
Soggetti:
Tags: Aggiungi Tag
Nessun Tag, puoi essere il primo ad aggiungerne!!

MARC

LEADER 00000nam$a2200000$$$4500
001 0007806
005 20221207102556.4
020 |a 80-247-0455-2 
041 0 |a cze 
044 |a CZ 
245 1 0 |a Dějiny zlata  |c Peter L. Bernstein 
264 1 |a Praha  |b Grada Publishing  |c 2004 
300 |a 384 s. 
610 2 0 |a zlato 
610 2 0 |a dejiny 
610 2 0 |a história 
610 2 0 |a mena 
610 2 0 |a mince 
610 2 0 |a reformy peňažné 
610 2 0 |a svet 
610 2 0 |a peniaze 
610 2 0 |a kovy drahé 
610 2 0 |a štandard zlatý 
610 2 0 |a konvertibilita 
610 2 0 |a cena zlata 
610 2 0 |a demonetizácia zlata 
610 2 0 |a trh zlata 
100 1 |a Bernstein, Peter L. 
700 1 |a Slavíková, Renáta